00456nam a2200193 a 4500001001300000003000900013005001700022008004100039020001000080082001500090100001700105245002300122260003000145300000900175500003500184505001000219650001600229700001700245nice12345678IN_TiNIC20260116011615.0050524s1961 lona grp 000 0 eng  ac30000a297.4bARB aArberry, A J aDiscourses of Rumi aLondonbJohn Murrayc1961 a276p aincludes index and biblioraphy2 aIndex aSufism-Rumi1 aArberry, A J